000 003130000a22001450004500
003 MACL
040 _aMACL
090 _c6128
_d6127
100 _aChaudhury, P.C. Roy
245 _aBest Loved Folk Tales Of India
260 _bSterling Publishers
_c1985
350 _a150
650 _aFiction
942 _cBOOK
_k823
999 _c6080
_d6080